000 03156njm a2200505Ia 4500
001 23934
003 IT-RoPAU
005 20220918181158.0
008 131025s9999 xx 000 0 und d
040 _aIT-RoPAU
040 _cIT-RoPAU
041 _aITALIANO
999 _c102740
_d102740
999 _bn.d.
100 _aAA.VV.
_9794
100 _eAutore musica
_97662
100 _gCodice autore musica SPICS: 12000
_9796
245 _aCanti della Patria (Lp Hit 30.218)
250 _a1a ed.
260 _aITALIA
260 _bHIT RECORDS
300 _aDISCO
500 _aCanti corali. Canti patriottici. Canti storici
505 _aInno di Mameli - Monte Grappa - Sul cappello che noi portiamo - O Dio del cielo - Testamento del capitano - Inno alla bandiera - Và pensiero - Bandiera tricolore - Leggenda del Piave - Dove sei stato, mio bell'alpino - Le campane di San Giusto - Inno sardo - Soldato ignoto - La bella Gigogin - Inno al fante - Inno di Garibaldi - Flic-Floc
511 _aOrchestra e Coro Amici della Musica di Roma
650 _aPOPOLARE [DISCHI]
_eCodice MATERIA SPICS: 9950
_97663
700 _aCoro Amici della Musica-Roma
_dCodice interprete SPICS: 14063
_eInterprete
_97664
700 _aNovaro Michele
_dCodice autore musica SPICS: 14205
_eAutore musica
_pInno di Mameli
_97665
700 _aMameli Goffredo
_dCodice autore testo/musica SPICS: 13723
_eAutore testo/musica
_pInno di Mameli
_97666
700 _aDe Bono
_dCodice autore musica SPICS: 14207
_eAutore musica
_pMonte Grappa
_97667
700 _aMeneghetti
_dCodice autore testo/musica SPICS: 14208
_eAutore testo/musica
_pMonte Grappa
_97668
700 _aAnonimo
_dCodice autore musica SPICS: 2620
_eAutore musica
_pSul cappello che noi portiamo - O Dio del cielo - Testamento del capitano - Bandiera tricolore - Dove sei stato, mio bell'alpino - La bella Gigogin
_97669
700 _aLena
_dCodice autore musica SPICS: 14209
_eAutore musica
_pInno alla bandiera
_97670
700 _aBodini
_dCodice autore testo/musica SPICS: 14210
_eAutore testo/musica
_pInno alla bandiera
_97671
700 _aVerdi Giuseppe
_dCodice autore musica SPICS: 89
_eAutore musica
_pVà pensiero
_97672
700 _aMario E.A. (Gaeta Giovanni)
_dCodice autore musica SPICS: 13440
_eAutore musica
_pLeggenda del Piave - Soldato ignoto
_97673
700 _aDrovetti
_dCodice autore musica SPICS: 14211
_eAutore musica
_pLe campane di San Giusto
_97674
700 _aArona C.
_dCodice autore testo/musica SPICS: 14212
_eAutore testo/musica
_pLe campane di San Giusto - Inno sardo
_97675
700 _aAngius
_dCodice autore musica SPICS: 14213
_eAutore musica
_pInno sardo
_97676
700 _aZangavini
_dCodice autore musica SPICS: 14214
_eAutore musica
_pInno al fante
_97677
700 _aPettinato
_dCodice autore testo/musica SPICS: 14215
_eAutore testo/musica
_pInno al fante
_97678
700 _aOlivieri Dino
_dCodice autore musica SPICS: 13481
_eAutore musica
_pInno di Garibaldi
_97679
700 _aMercantini Luigi
_dCodice autore testo/musica SPICS: 13728
_eAutore testo/musica
_pInno di Garibaldi
_97680
700 _aGiorza P.
_dCodice autore musica SPICS: 14216
_eAutore musica
_pFlic-Floc
_97681
942 _cMD
_2ddc